000 00648cam a2200229 a 4500
999 _c31748
_d31745
001 2470670
003 OSt
005 20190716091930.0
008 190716b ||||| |||| 00| 0 eng d
020 _a0880703601
040 _aMMU
_cMMU
_dMMU
_beng
050 0 0 _aBV4598.3
_b.S5 1990
082 0 0 _a248.4
_220
100 1 _aShank, Bob.
245 1 0 _aTotal life management /
_cBob Shank.
260 _aPortland, Or. :
_bMultnomah,
_cc1990.
300 _a182 p. :
_c22 cm.
650 0 _aSuccess
_xReligious aspects
_xChristianity.
650 0 _aTime management
_xReligious aspects
_xChristianity.
650 0 _aChristian life.
942 _2lcc
_cLOAN LOAN